К биологии моллюсков пересыхающих водоемов (Запись № 9888373)

Подробности
000 -МАРКЕР
контрольное поле 02599nam0a22003971 4500
001 - ИДЕНТИФИКАТОР ЗАПИСИ
контрольное поле RU\NLR\A1SV\43077
005 - ИДЕНТИФИКАТОР ВЕРСИИ
контрольное поле 20251203171251.9
035 ## - ДРУГИЕ СИСТЕМНЫЕ НОМЕРА
Идентификатор записи (NLR Aleph) 009725276
100 ## - ДАННЫЕ ОБЩЕЙ ОБРАБОТКИ
Данные общей обработки 20020710d1926 u y0rusy50 ca
101 0# - ЯЗЫК РЕСУРСА
Язык текста, звукозаписи и т.д. русский
Язык резюме немецкий
102 ## - СТРАНА ПУБЛИКАЦИИ ИЛИ ПРОИЗВОДСТВА
Страна публикации Российская Федерация
200 1# - ЗАГЛАВИЕ И СВЕДЕНИЯ ОБ ОТВЕТСТВЕННОСТИ
Основное заглавие К биологии моллюсков пересыхающих водоемов
Сведения, относящиеся к заглавию (Предвар. сообщение) [и др. ст.]
Первые сведения об ответственности В.И.Жадин (Муром)
Последующие сведения об ответственности (Из Окск. биол. ст.)
210 ## - ПУБЛИКАЦИЯ, РАСПРОСТРАНЕНИЕ И ДР.
Место издания, распространения и т.д. [Саратов]
Имя издателя, распространителя и т. д. Сарполиграфпром типолит. № 9
Дата издания, распространения и т.д. [1926]
215 ## - ФИЗИЧЕСКАЯ ХАРАКТЕРИСТИКА
Специфическое обозначение материала и объем 30 с.
Другие сведения о физической характеристике ил., табл.
Размеры 26 см
300 ## - ОБЩИЕ ПРИМЕЧАНИЯ
Текст примечания Без тит. л.
300 ## - ОБЩИЕ ПРИМЕЧАНИЯ
Текст примечания Рез. каждой ст. на нем. яз.
311 ## - ПРИМЕЧАНИЯ, ОТНОСЯЩИЕСЯ К ПОЛЯМ СВЯЗИ (ПРИМЕЧАНИЯ О СВЯЗИ С ДРУГИМИ ПРОИЗВЕДЕНИЯМИ (ИЗДАНИЯМИ))
Текст примечания Отт. из: Рус. гидробиол. журнал. 1926. Т.5, № 1/2
327 1# - ПРИМЕЧАНИЯ О СОДЕРЖАНИИ
Текст примечания К биологии моллюсков пересыхающих водоемов / В.И.Жадин
-- К экологии и географическому распространению Balanoglossus в русских северных морях / Е.Ф.Гурьянова, П.В.Ушаков (Ленинград)
-- Некоторые данные к биологии и охране выхухоли / А.А.Парамонов (Москва)
-- О некоторых новых видах Trachelomonas Ehrenberg из сем. Euglenaceae, описанных из Бельгии и Франции / Б.В.Скворцов (Харбин, Китай)
-- О составе пищи серой лягушки Rana temporaria L. / Б.А.Кузнецов (Москва)
-- Мелкие известия: Новые приборы для гидробиологических исследований
-- О мечении стерляди на Волге
620 ## - МЕСТО И ДАТА ПУБЛИКАЦИИ, ИСПОЛНЕНИЯ И Т. Д.
Город Саратов
700 #1 - ИМЯ ЛИЦА - ПЕРВИЧНАЯ ОТВЕТСТВЕННОСТЬ
Начальный элемент ввода Жадин
Часть имени, кроме начального элемента ввода В.И.
Даты 1896-1974
Расширение инициалов личного имени Владимир Иванович
Код отношения Автор
702 #1 - ИМЯ ЛИЦА - ВТОРИЧНАЯ ОТВЕТСТВЕННОСТЬ
Начальный элемент ввода Гурьянова
Часть имени, кроме начального элемента ввода Е.Ф.
Даты 1902-1981
Расширение инициалов личного имени Евпраксия Федоровна
Код отношения Автор
702 #1 - ИМЯ ЛИЦА - ВТОРИЧНАЯ ОТВЕТСТВЕННОСТЬ
Начальный элемент ввода Ушаков
Часть имени, кроме начального элемента ввода П.В.
Даты 1903-1992
Расширение инициалов личного имени Павел Владимирович
Код отношения Автор
702 #1 - ИМЯ ЛИЦА - ВТОРИЧНАЯ ОТВЕТСТВЕННОСТЬ
Начальный элемент ввода Парамонов
Часть имени, кроме начального элемента ввода А.А.
Даты 1890-1970
Расширение инициалов личного имени Александр Александрович
Код отношения Автор
702 #1 - ИМЯ ЛИЦА - ВТОРИЧНАЯ ОТВЕТСТВЕННОСТЬ
Начальный элемент ввода Скворцов
Часть имени, кроме начального элемента ввода Б.В.
Даты 1896-1980
Расширение инициалов личного имени Борис Васильевич
Код отношения Автор
702 #1 - ИМЯ ЛИЦА - ВТОРИЧНАЯ ОТВЕТСТВЕННОСТЬ
Начальный элемент ввода Кузнецов
Часть имени, кроме начального элемента ввода Б.А.
Даты 1906-1979
Расширение инициалов личного имени Борис Александрович
Код отношения Автор
801 #0 - ИСТОЧНИК ЗАПИСИ
Страна Российская Федерация
Организация NLR
Дата составления 20020710
852 ## - МЕСТОНАХОЖДЕНИЕ И ШИФР ХРАНЕНИЯ
Идентификатор организации NLR
Шифр хранения (Call Number) 34/2013
899 ## - ДАННЫЕ О МЕСТОНАХОЖДЕНИИ (устаревшее)
Местонахождение РКП
899 ## - ДАННЫЕ О МЕСТОНАХОЖДЕНИИ (устаревшее)
Местонахождение БАН
899 ## - ДАННЫЕ О МЕСТОНАХОЖДЕНИИ (устаревшее)
Местонахождение РГБ
899 ## - ДАННЫЕ О МЕСТОНАХОЖДЕНИИ (устаревшее)
Местонахождение СПбГУ
942 ## - ДОПОЛНИТЕЛЬНЫЕ ЭЛЕМЕНТЫ ЗАПИСИ (АБИС)
Тип экземпляра АБИС Книга
980 ## - КОЛЛЕКЦИЯ
Название коллекции Национальная библиография
980 ## - КОЛЛЕКЦИЯ
Название коллекции Международный сводный каталог русской книги (1918-1926)

Нет доступных экземпляров.